| 000 | 00498nam a2200145Ia 4500 | ||
|---|---|---|---|
| 008 | 220204s9999 xx 000 0 und d | ||
| 082 |
_a5:061.3(548.3) _bPRO.5 |
||
| 245 | 0 | _aProceedings of the fifth Kerala Science Congress 28-30 January 1993, Kottayam | |
| 260 |
_aGovt of Kerala _bState Committee on Science, Technology and Environment _c1993 |
||
| 650 | _aEthylene Vinyl acetate co polymers | ||
| 650 | _aLiquid Natural Rubber | ||
| 650 | _aSisal fibre | ||
| 700 | _aRavikumar, R | ||
| 942 | _cBK | ||
| 999 |
_c43643 _d43643 |
||